Universal Science : An Introduction to Islamic Metaphysics.

The Universal Science ( ʿIlm-i kullī ) by Mahdī Ḥāʾirī Yazdī , is a concise, but authoritative, outline of the fundamental discussions in Islamic metaphysics. For many years used as a textbook in Iran, this short text offers English readers a readily accessible, lucid, and yet deeply learned, guide...

وصف كامل

محفوظ في:

المؤلف الرئيسي: Yazdī, Mahdī Ḥāʼirī.

مؤلفون آخرون: Ahmad, Saiyad Nizamuddin.

التنسيق: كتاب الكتروني

اللغة: English
Persian

منشور في: [S.l.] : Brill Academic Publishers : Brill, 2017.

سلاسل: The Modern Shīʿah Library 2.
Middle East and Islamic Studies E-Books Online, Collection 2017, ISBN: 9789004325999.

الموضوعات:

الوصول للمادة أونلاين: Login to view Source

الوسوم: إضافة وسم

لا توجد وسوم, كن أول من يضع وسما على هذه التسجيلة!

رقم الطلب: B741 .H24813 2017

LEADER 03247nam a2200505 i 4500
001 BRILL9789004343115
003 nllekb
005 20211118221438.0
006 m d
007 cr un uuuua
008 170425s2017 xx sb 001 0 eng d
020 |a 9789004343115  |q (electronic book) 
020 |z 9789004343023  |q (print) 
024 7 |a 10.1163/9789004343115  |2 DOI 
035 |a (OCoLC)984127710  |z (OCoLC)985235835  |z (OCoLC)985398656  |z (OCoLC)985485970  |z (OCoLC)985686855  |z (OCoLC)985879376  |z (OCoLC)986180995  |z (OCoLC)986297168  |z (OCoLC)986649119  |z (OCoLC)986905315  |z (OCoLC)987320650 
040 |a NL-LeKB  |c NL-LeKB  |e rda 
041 1 |a eng  |h per 
050 4 |a B741  |b .H24813 2017 
072 7 |a PHI  |x 003000  |2 bisacsh 
072 7 |a HRH  |2 bicssc 
072 7 |a REL037000  |2 bisacsh 
082 0 4 |a 181.07  |2 23 
100 1 |a Yazdī, Mahdī Ḥāʼirī. 
245 1 0 |a Universal Science :  |b An Introduction to Islamic Metaphysics. 
264 1 |a [S.l.] :  |b Brill Academic Publishers :  |b Brill,  |c 2017. 
300 |a 1 online resource. 
336 |a text  |b txt  |2 rdacontent 
337 |a computer  |b c  |2 rdamedia 
338 |a online resource  |2 rdacarrier 
490 1 |a The modern Shī'ah library ;  |v v. 2 
504 |a Includes bibliographical references and index. 
505 0 0 |t Preliminary Material --   |t Editor's Introduction /  |r Saiyad Nizamuddin Ahmad --   |t Introduction --   |t Existence (wujūd)-Being (hastī) --   |t Mental Existence --   |t Further Issues Relating to Existence --   |t Contingency (imkān) --   |t Priority and Posteriority --   |t Unity, Multiplicity, and Predication --   |t Quiddity --   |t Potentiality (quwwah) and Actuality (fiʿl) --   |t Cause (ʿillat) and Effect (maʿlūl) --   |t Appendix --   |t Bibliography --   |t Index. 
506 |a Available to subscribing member institutions only. 
520 |a The Universal Science ( ʿIlm-i kullī ) by Mahdī Ḥāʾirī Yazdī , is a concise, but authoritative, outline of the fundamental discussions in Islamic metaphysics. For many years used as a textbook in Iran, this short text offers English readers a readily accessible, lucid, and yet deeply learned, guide through the Sadrian, Avicennan, and Illuminationist schools of thought, whilst also demonstrating how the 'living tradition' of Shīʿī philosophy engages with central ontological, epistemological, aetiological, and psychological questions. Discussions include the primacy of existence; the proper classifications of quiddity; and the manifold properties of causality and causal explanation. This is the first of the various influential works authored by this leading Shīʿah intellectual to have been translated into English from the original Persian. 
546 |a Translated from Persian. 
650 0 |a Islamic philosophy. 
650 0 |a Metaphysics. 
700 1 |a Ahmad, Saiyad Nizamuddin. 
776 0 8 |c Original  |z 9789004343023  |z 9004343024  |w (OCoLC)978286796 
830 0 |a The Modern Shīʿah Library  |v 2. 
830 0 |a Middle East and Islamic Studies E-Books Online, Collection 2017, ISBN: 9789004325999. 
856 4 |z DOI:   |u http://dx.doi.org/10.1163/9789004343115 
942 |2 lcc  |c EBOOK 
952 |0 0  |1 0  |2 lcc  |4 0  |7 1  |9 22333  |a BRILL  |b BRILL  |d 2021-11-18  |l 0  |r 2021-11-18 00:00:00  |w 2021-11-18  |y EBOOK 
999 |c 39807  |d 39807